Auckland FC Squad 24/25 - Statistics

General Stats
  • This quiz has been taken 17 times
  • The average score is 16 of 26
Answer Stats
Hint Answer % Correct
10 Guillermo May
94%
2 Hiroki Sakai
94%
12 Alex Paulsen
81%
15 Francis De Vries
81%
14 Liam Gillion
75%
27 Logan Rogerson
75%
25 Neyder Moreno
75%
5 Tommy Smith
75%
23 Dan Hall
69%
22 Jake Brimmer
69%
9 Max Mata
69%
1 Michael Woud
69%
4 Nando Pijnaker
69%
17 Callan Elliot
63%
28 Felipe Gallegos
63%
21 Jesse Randall
56%
6 Louis Verstraete
56%
7 Cameron Howieson
50%
11 Marlee Francois
50%
3 Scott Galloway
50%
8 Luis Toomey
44%
16 Adama Coulibaly
38%
35 Jonty Bidois
38%
18 Finn McKenlay
31%
19 Oliver Middleton
31%
30 Joseph Knowles
25%
No matching quizzes found
Score Distribution
Percent of People with Each Score
Percentile by Number Answered
Your Score History
You have not taken this quiz